00751nam a2200205 a 450000500170000000800410001702000180005805000250007610000210010124500890012226000460021130000160025744000270027350000280030065000440032865000190037265000210039199900190041295201140043120140412111353.0050425s19uu xx 00 eng d a0-02-660864-2 aTR(GS 372.4bO1 2000 aO' Brien, Robert aHank the crank :bdecodable book /cby Robert O' Brien ; illustrated by Len Epstein. aColumbus, Ohio :bSRA/McGraw-Hill,c2000. a8 p. ; ill. aSRA Open Court Reading aLevel B, Set 1, Book 36 aReadingxPhoneticsxJuvenile literature aDucksxFiction aChildren stories c105356d105356 001040aELbELcTRd2005-04-25eDonationl0oTR(GS 372.4 O1 2000pE9923r2014-04-12 00:00:00w2014-04-12yBK